=Diário de um banana (Record no. 47403)
[ view plain ]
| 000 -LÍDER | |
|---|---|
| campo de controle de tamanho fixo | 00350 a2200157 4500 |
| 001 - NÚMERO DE CONTROLE | |
| campo de controle | 47403 |
| 020 ## - ISBN - INTERNATIONAL STANDARD BOOK NUMBER | |
| ISBN - International Standard Book Number | 9788550701738 |
| 040 ## - FONTE DA CATALOGAÇÃO | |
| Instituição que transcreveu o registro | Anchieta - Aquarius |
| 100 ## - ENTRADA PRINCIPAL--NOME PESSOAL | |
| Nome pessoal | Soares, Antonio de Macedo. |
| 240 10 - TÍTULO UNIFORME | |
| Título uniforme | =Diário de um banana |
| Idioma da obra | por |
| 245 10 - TÍTULO | |
| Título | =Diário de um banana |
| 300 ## - DESCRIÇÃO FÍSICA | |
| Extensão | 217 p. |
| 362 0# - DATAS DE PUBLICAÇÃO E/OU DESIGNAÇÃO SEQUENCIAL | |
| Datas de publicação e/ou designação sequencial | 2018 |
| 650 #4 - ASSUNTO--TERMO TÓPICO | |
| Cabeçalho tópico ou nome geográfico | Romance |
| 942 ## - ELEMENTOS DE ENTRADA ADICIONADOS (KOHA) | |
| Tipo de material Koha | Livros |
| Situação do descarte | Situação das perdas | Situação física | Não pode ser emprestado | Biblioteca de origem | Biblioteca atual | Data de aquisição | Total de empréstimos | Número de chamada completo | Código de barras | Devolução em | Data de último acesso | Data do último empréstimo | Data do preço efetivo | Tipo de material Koha |
|---|---|---|---|---|---|---|---|---|---|---|---|---|---|---|
| Colégio Anchieta - Aquarius | Inspira | 21/11/2023 | 9 | 813 KIN DIA | 6093/AQU | 06/06/2023 | 21/11/2023 | 21/11/2023 | 21/11/2023 | Livros |